000 00592nam a2200193Ia 4500
005 20250326144816.0
008 250326s9999 xx 000 0 und d
020 _a1-84064-092-8
037 _aTextbook
040 _aFMSL
_beng
_cFMSL
041 _aeng
_2eng
084 _aX.5 P3
_qFMSL
100 _aBaimbridge Mark Ed.
_9750139
245 0 _aEconomic and monetary union in Europe: theory, evidence and practice
_cBaimbridge Mark Ed.; Whyman Philip
260 _aU.K
_bU.K, Edward Elgar Pub.
_c1998
300 _axiii,170
942 _cTB
_hX.5 P3
999 _c1305147
_d1305147